The winner of the last ten World Cups - Statistiques

Statistiques générales
  • Ce quiz a été pris 30 fois
  • Le résultat moyen est 7 sur 10
Statistiques - réponses
Hint Réponse % Correct
2022 Argentine
100%
2018 France
100%
1998 France
78%
2006 Italy
78%
2014 Germany
70%
2010 Spain
67%
2002 Brazil
63%
1994 Brazil
63%
1990 Germany
59%
1986 Argentine
48%
Aucun quiz correspondant
Distribution des résultats
% des personnes avec chaque résultat
Percentile par nombre de réponses
Votre historique - résultats
Vous n’avez pas pris ce quiz